| 000 | 00818nam a22002175a 4500 | ||
|---|---|---|---|
| 003 | OSt | ||
| 005 | 20170323151340.0 | ||
| 008 | 170313s2015 ua frb 000 0 ara d | ||
| 020 | _a9789770477694 | ||
| 040 |
_aEG-ScBUE _bara _cEG-ScBUE |
||
| 082 | 0 | 4 |
_a341.522 _bت ع ي _222 |
| 100 | 1 | _aتعيلب، وئام نجاح إبراهيم السيد. | |
| 245 | 1 | 2 |
_aالنفاذ الدولي لأحكام التحكيم / _cوئام نجاح إبراهيم السيد تعيلب. |
| 260 |
_aالقاهرة : _bدار النهضة العربية، _c2015. |
||
| 300 |
_a385 ص. ؛ _c24 سم. |
||
| 504 | _aيشتمل على إرجاعات ببليوجرافية. | ||
| 650 | 7 |
_2BUEsh _aالتحكيم الدولي. _941124 |
|
| 650 | 7 |
_2BUEsh _aالقانون الدولي. |
|
| 653 |
_bLLAAWW _cMarch2017 |
||
| 942 | _2ddc | ||
| 999 |
_c24520 _d24492 |
||